000 00332nam a2200145Ia 4500
005 20250401085500.0
008 240331s9999 xx 000 0 und d
082 _bVAI
_a894
245 0 _aVaira malar
260 _aKandy
_bThamil Mandram
_c1991
300 _a73 p .,
650 _aPoems
700 _aHaniffa, S.M.
_eedt
942 _cL
999 _c4199
_d4199